Entry Personal Name
Number of records used in: 1
001 - CONTROL NUMBER
003 - CONTROL NUMBER IDENTIFIER
005 - DATE AND TIME OF LATEST TRANSACTION
- control field:
20230926135454.0
008 - FIXED-LENGTH DATA ELEMENTS
- fixed length control field:
810729n| acannaab| |n aaa |||
010 ## - LIBRARY OF CONGRESS CONTROL NUMBER
- LC control number:
n 81080709
040 ## - CATALOGING SOURCE
- Original cataloging agency:
DLC
- Transcribing agency:
DLC
100 10 - HEADING--PERSONAL NAME
- Personal name:
Mathews, John H.,
- Dates associated with a name:
1943-
670 ## - SOURCE DATA FOUND
- Source citation:
His Basic complex variables for math. and eng., c1982:
- Information found:
CIP galley t.p. (John H. Mathews, Calif. State U., Fullerton)
670 ## - SOURCE DATA FOUND
- Source citation:
Tel. call to pub. 6/30/81
- Information found:
(John H. Mathews, b. 6/10/43)
675 ## - SOURCE DATA NOT FOUND
- Source citation:
Amer. men & wom. of sci., 1977.